AH International Schools' Libraries

Sorry, grown-ups, you can't go to school! / (Record no. 50159)

MARC details
000 -LEADER
fixed length control field 00333nam a2200109 4500
020 ## - INTERNATIONAL STANDARD BOOK NUMBER
International Standard Book Number 9780593480328
100 ## - MAIN ENTRY--PERSONAL NAME
Personal name Geist, Christina
9 (RLIN) 87197
245 ## - TITLE STATEMENT
Title Sorry, grown-ups, you can't go to school! /
Statement of responsibility, etc Christina Geist & Tim Bowers
260 ## - PUBLICATION, DISTRIBUTION, ETC. (IMPRINT)
Place of publication, distribution, etc New York
Name of publisher, distributor, etc Dragonfly Books
Date of publication, distribution, etc 2019
300 ## - PHYSICAL DESCRIPTION
Extent unpaged.
Other physical details col. ill.
Dimensions 28 cm.
942 ## - ADDED ENTRY ELEMENTS (KOHA)
Source of classification or shelving scheme
Koha item type Book
Holdings
Withdrawn status Lost status Source of classification or shelving scheme Damaged status Not for loan Collection code Home library Current library Shelving location Date acquired Total Checkouts Full call number Barcode Date last seen Price effective from Koha item type
          TEACHERS' RESOURCES Asian Hope Early Years Library Asian Hope Early Years Library Easy Reading 02/06/2026   E GEI 209999 02/06/2026 02/06/2026 Book

For any Logos Library related questions please contact Miss Art at swongnarasuk@asianhope.org.

For any Asian Hope Library related questions please contact Miss Raza at graza@asianhope.org.

Click here to explore our ebooks!

Powered by Koha